| 000 | 00597nam a2200229Ia 4500 | ||
|---|---|---|---|
| 999 |
_c8081 _d8081 |
||
| 003 | 0100 | ||
| 005 | 20170713105612.0 | ||
| 008 | 130303s9999 xx 000 0 und d | ||
| 020 | _a0966922611 | ||
| 040 | _cARRUPELIB | ||
| 050 | _aB791.F355 1999 | ||
| 245 | 4 | _aThe failure of modernism | |
| 245 | _bthe cartesian legacy and contemporary pluralism | ||
| 260 |
_bAmerican Maritain Association _aMishawaka _c1999 |
||
| 300 | _a269p. | ||
| 300 | _b 23cm | ||
| 440 |
_aAmerican Maritain Association publications _933024 |
||
| 600 |
_aMaritain, Jacques _924379 |
||
| 650 |
_aPHILOSOPHY _933025 |
||
| 650 |
_aPhilosophy, modern _933026 |
||
| 650 |
_aDescartes, Ren _933027 |
||
| 700 |
_aSweetman, Brendan (ed.) _933028 |
||
| 942 | 0 | 0 |
_02 _2lcc _cMONOGRAPH |